000 02820nam a22002417a 4500
005 20250322043325.0
008 230721b ||||| |||| 00| 0 eng d
020 _a9788195590322
040 _cAL
041 _akan
082 _223
_aK894.4
_bRUPE
100 _aRupa Hasana
_9206668
100 _9128163
_d ರೂಪ ಹಾಸನ
245 _aEvala Bharatha: Hennodala Hadupadina Barahaguchcha
_bಇವಳ ಭಾರತ: ಹೆಣ್ಣೊಡಲ ಹಾಡು ಪಾಡಿನ ಬರಹಗುಚ್ಛ
260 _aChannapattana
_bPallava Prakashana
_c2023
300 _axxi,463p,
_bPB
_c21x14cm.
365 _2Kannada
_aBLCR-000022
_b320.00
_c
_d400.00
_e20%
_f11-07-2023
520 _aಇಷ್ಟರ ನಡುವೆಯೂ ಬಾಬಾ ಸಾಹೇಬ್ ಅಂಬೇಡ್ಕರ್ ಅವರ ನೇತೃತ್ವದಲ್ಲಿ ರಚನೆಯಾಗಿ, ಪ್ರಜಾಪ್ರಭುತ್ವದ ಸಾಕಾರಕ್ಕೆ ದಿಕ್ಕಾಗಿರುವ ಸಕಲ ಜೀವಪರವಾದ ನಮ್ಮ ಸಂವಿಧಾನ! ಅದೊಂದು ಭರವಸೆ, ಸಮಾಧಾನ, ಎಷ್ಟೇ ಕಷ್ಟವಾದರೂ ಅದೇ ದಾರಿ...! ಸ್ವಾತಂತ್ರ್ಯಕ್ಕಾಗಿ ನಡೆದ ಹೋರಾಟದ ಹಾದಿಯ ನಡೆ ಕಠಿಣ. ಆದರೆ ಸಂವಿಧಾನದ ಗುರಿ ಮುಟ್ಟುವ ಹಾದಿ ಕಠೋರ! ಕಷ್ಟವಾದರೂ ಹೊರಗಿನ ಶತ್ರುಗಳನ್ನು ನಿರ್ದಾಕ್ಷಿಣ್ಯವಾಗಿ ಹೊರಗೆ ಒದ್ದೋಡಿಸಬಹುದು. ಆದರೆ ಒಳಗಿನ ನಮ್ಮವರೆನಿಸಿಕೊಂಡವರೊಡನೆ?- ಆಂತರಿಕ ಹೋರಾಟ ಅತ್ಯಂತ ಯಾತನಾದಾಯಕ, ಸೂಕ್ಷ್ಮ ಮತ್ತು ಕ್ಲಿಷ್ಟಕರ. ಹೀಗೆಂದೇ ಈ ಗುರಿ ಸೇರಲು ಮತ್ತೆ ಮತ್ತೆ ರಚನಾತ್ಮಕ, ಕ್ರಿಯಾಶೀಲ ನಡೆಗಳನ್ನು ನಾವು ಕಲಿಯುತ್ತಾ ಸಾಗಬೇಕಿದೆಯಷ್ಟೇ. ಆ ಪ್ರಯತ್ನದ ಅಣುವಿನಷ್ಟು ಭಾಗವಾಗಿ, 'ಇವಳ ಭಾರತ'ದಲ್ಲಿ ನಾನೂ ಒಂದು ಪುಟ್ಟ ಕಣವಾಗಿ, ನನ್ನ ಬದುಕು 'ಇವಳ ಭಾರತ'ದಲ್ಲಿ ಕರಗಿ ಒಂದಾಗಿ ಹೋದ ಕಥೆಯ, ಹೆಣ್ಣೂಡಲ ಹಾಡು ಪಾಡಿನ ಬಿಡಿ ಬಿಡಿ ತುಣುಕುಗಳು, ಚಿತ್ರಗಳೇ 'ಇವಳ ಭಾರತ! - ರೂಪ ಹಾಸನ
650 _aKannada Prose: ಕನ್ನಡ ಗದ್ಯ
_9128058
650 _aCollection of Articles: ಕನ್ನಡ ಅಂಕಣ ಬರಹಗಳು
_9128059
700 _aHASANA (Rupa): ಹಾಸನ (ರೂಪ)
_9128060
942 _2ddc
_cBK
999 _c228046
_d228046